Svět na pokraji krize?

Transformácia čs. ekonomiky prebieha v zložitých medzinárodných podmienkach. Svetová ekonomika stojí na prahu hospodárskeho zostupu. Klesá hospodárska dynamika, zvyšuje sa inflácia, pokračujú rozpočtové a platobné problémy USA, klesajú kurzy akcií na najvýznamnejších svetových burzách, pretrváva krí...

Full description

Saved in:
Bibliographic Details
Main Author: Urban, J.
Format: Book Chapter
Language:Czech
Subjects:
Tags: Add Tag
No Tags, Be the first to tag this record!

MARC

LEADER 00000naa a2200000 4500
001 r001428
005 20220819175912.2
041 0 |a cze 
044 |a CS 
245 1 0 |a Svět na pokraji krize?  |c J. Urban 
520 |a Transformácia čs. ekonomiky prebieha v zložitých medzinárodných podmienkach. Svetová ekonomika stojí na prahu hospodárskeho zostupu. Klesá hospodárska dynamika, zvyšuje sa inflácia, pokračujú rozpočtové a platobné problémy USA, klesajú kurzy akcií na najvýznamnejších svetových burzách, pretrváva kríza v Perzskom zálive a pod. Otázka, ako nájde Európa stimuly k ďalšiemu hospodárskemu rastu a čo zo súčasného vývoja vyplýva pre ČSFR. 
610 2 0 |a reformy hospodárske 
610 2 0 |a hospodárstvo svetové 
610 2 0 |a vývoj hospodársky 
610 2 0 |a ČSFR 
610 2 0 |a USA 
610 2 0 |a Európa 
100 1 |a Urban, J.